<?xml version="1.0" encoding="UTF-8"?>
<record
    xmlns:xsi="http://www.w3.org/2001/XMLSchema-instance"
    xsi:schemaLocation="http://www.loc.gov/MARC21/slim http://www.loc.gov/standards/marcxml/schema/MARC21slim.xsd"
    xmlns="http://www.loc.gov/MARC21/slim">

  <leader>01693nam a2200241 a 4500</leader>
  <controlfield tag="001">000036198</controlfield>
  <controlfield tag="005">20250311114825.0</controlfield>
  <controlfield tag="008">120111s1986    ag      r     000 0 spa d</controlfield>
  <datafield tag="020" ind1=" " ind2=" ">
    <subfield code="a">9509097659</subfield>
  </datafield>
  <datafield tag="040" ind1=" " ind2=" ">
    <subfield code="a">DO-SdBNP</subfield>
    <subfield code="b">spa</subfield>
    <subfield code="c">BNPHU</subfield>
  </datafield>
  <datafield tag="082" ind1=" " ind2=" ">
    <subfield code="a">xxxx</subfield>
    <subfield code="b">xxxx</subfield>
  </datafield>
  <datafield tag="240" ind1="0" ind2="0">
    <subfield code="a">A feminist perspective in the academy. The difference it makes.</subfield>
    <subfield code="l">Espa&#xF1;ol</subfield>
  </datafield>
  <datafield tag="245" ind1="0" ind2="3">
    <subfield code="a">La actuaci&#xF3;n femenina en el mundo acad&#xE9;mico /</subfield>
    <subfield code="c">Elizabeth Langland y Walter Gove compiladores ; traducci&#xF3;n Esteban Usabiaga.</subfield>
  </datafield>
  <datafield tag="260" ind1=" " ind2=" ">
    <subfield code="a">Buenos Aires :</subfield>
    <subfield code="b">Fraterna,</subfield>
    <subfield code="c">1986.</subfield>
  </datafield>
  <datafield tag="300" ind1=" " ind2=" ">
    <subfield code="a">221 p. ;</subfield>
    <subfield code="c">20 cm.</subfield>
  </datafield>
  <datafield tag="500" ind1=" " ind2=" ">
    <subfield code="a">Incluye referencias bibliogr&#xE1;ficas y notas al pie de las p&#xE1;ginas</subfield>
  </datafield>
  <datafield tag="505" ind1="0" ind2=" ">
    <subfield code="t">Pr&#xF3;logo de los editores /</subfield>
    <subfield code="r">Elizabeth Langland y Walter Gove. --</subfield>
    <subfield code="t">El sentido de la diferencia /</subfield>
    <subfield code="r">Patricia Meyer Spacks. --</subfield>
    <subfield code="t">Nuevos horizontes para la cr&#xED;tica feminista en teatro y artes afines /</subfield>
    <subfield code="r">Nancy S. Reinhardt. --</subfield>
    <subfield code="t">La cr&#xED;tica feminista en el estudio de la religi&#xF3;n /</subfield>
    <subfield code="r">Rosemary Radford Ruether. --</subfield>
    <subfield code="t">Aportes del Movimiento Feminista a la historia norteamericana /</subfield>
    <subfield code="r">Carl N. Degler. --</subfield>
    <subfield code="t">Desde el silencio: la mujer y la ciencia pol&#xED;tica /</subfield>
    <subfield code="r">Nannerl O. Keohane. --</subfield>
    <subfield code="t">Efectos del feminismo en el estudio de la econom&#xED;a /</subfield>
    <subfield code="r">Nancy S. Barrett. --</subfield>
    <subfield code="t">La antropolog&#xED;a y el estudio del g&#xE9;nero /</subfield>
    <subfield code="r">Judith Shapiro. --</subfield>
    <subfield code="t">Cambios en las concepciones sobre el hombre y la mujer: un enfoque psicol&#xF3;gico /</subfield>
    <subfield code="r">Janet T. Spence. --</subfield>
    <subfield code="t">La mujer en la sociolog&#xED;a: nuevas pautas de estudio y viejas concepciones /</subfield>
    <subfield code="r">Cynthia Fuchs Epstein</subfield>
  </datafield>
  <datafield tag="590" ind1=" " ind2=" ">
    <subfield code="a">Inventariado, 2019/BT</subfield>
  </datafield>
  <datafield tag="650" ind1="2" ind2="0">
    <subfield code="a">Feminismo</subfield>
    <subfield code="9">2525</subfield>
  </datafield>
  <datafield tag="700" ind1="1" ind2=" ">
    <subfield code="a">Langland, Elizabeth,</subfield>
    <subfield code="e">comp.</subfield>
    <subfield code="9">62249</subfield>
  </datafield>
  <datafield tag="700" ind1="1" ind2=" ">
    <subfield code="a">Gove, Walter,</subfield>
    <subfield code="e">comp.</subfield>
    <subfield code="9">62250</subfield>
  </datafield>
  <datafield tag="700" ind1="1" ind2=" ">
    <subfield code="a">Usabiaga, Esteban,</subfield>
    <subfield code="e">trad.</subfield>
    <subfield code="9">62251</subfield>
  </datafield>
  <datafield tag="952" ind1=" " ind2=" ">
    <subfield code="0">0</subfield>
    <subfield code="1">0</subfield>
    <subfield code="5">0</subfield>
    <subfield code="7">1</subfield>
    <subfield code="8">MO</subfield>
    <subfield code="a">GR</subfield>
    <subfield code="b">GR</subfield>
    <subfield code="c">HD</subfield>
    <subfield code="d">2012-01-11</subfield>
    <subfield code="i">LF1</subfield>
    <subfield code="l">0</subfield>
    <subfield code="o">xxxx xxxx</subfield>
    <subfield code="p">36198-10</subfield>
    <subfield code="r">2020-06-25</subfield>
    <subfield code="w">2020-06-25</subfield>
    <subfield code="y">1</subfield>
    <subfield code="Z">No se presta</subfield>
  </datafield>
  <datafield tag="952" ind1=" " ind2=" ">
    <subfield code="0">0</subfield>
    <subfield code="1">0</subfield>
    <subfield code="5">0</subfield>
    <subfield code="7">1</subfield>
    <subfield code="8">MO</subfield>
    <subfield code="a">GR</subfield>
    <subfield code="b">GR</subfield>
    <subfield code="c">HD</subfield>
    <subfield code="d">2012-01-11</subfield>
    <subfield code="i">LF1</subfield>
    <subfield code="l">0</subfield>
    <subfield code="o">xxxx xxxx</subfield>
    <subfield code="p">36198-20</subfield>
    <subfield code="r">2020-06-25</subfield>
    <subfield code="t">e.2</subfield>
    <subfield code="w">2020-06-25</subfield>
    <subfield code="y">1</subfield>
    <subfield code="Z">No se presta</subfield>
  </datafield>
  <datafield tag="999" ind1=" " ind2=" ">
    <subfield code="c">35689</subfield>
    <subfield code="d">35689</subfield>
  </datafield>
</record>
